000 00297nam a22001337a 4500
008 170407b xxu||||| |||| 00| 0 eng d
020 _a9780721673356
041 _aeng
080 _26TH
_a616
100 _a9
101 _aSHM
245 _aPATHOLOGIC BASIS OF DISEASE
_cCOTRAN
942 _2udc
_cBK
999 _c10175
_d10175